Estudios interculturales, hermenéutica y sujetos históricos
Guardat en:
| Autors principals: | , |
|---|---|
| Format: | Llibre |
| Idioma: | espanyol portuguès |
| Publicat: |
Santiago
Universidad Católica Silva Henríquez
2006
|
| Edició: | 1a. ed |
| Matèries: | |
| Etiquetes: |
Afegir etiqueta
Sense etiquetes, Sigues el primer a etiquetar aquest registre!
|
MARC
| LEADER | 00000nam a2200000 a 4500 | ||
|---|---|---|---|
| 001 | UCI9532 | ||
| 003 | CL-VaPUC | ||
| 008 | 081120e20060000CL |||||||||||||||||spa|d | ||
| 020 | |a 9567947473 | ||
| 041 | 0 | 7 | |a spa |2 CL-VaPUC |
| 041 | 0 | 7 | |a por |2 CL-VaPUC |
| 082 | 0 | 4 | |a 303.482 |b SAL |2 21 |
| 100 | 0 | |a Salas Astraín, Ricardo |e author |9 533347 | |
| 700 | 0 | |a Alvarez V., David |e author |9 533348 | |
| 245 | 1 | 0 | |a Estudios interculturales, hermenéutica y sujetos históricos |
| 250 | |a 1a. ed | ||
| 300 | |a 119 p | ||
| 942 | |c BK | ||
| 945 | |d 20081120 00:00:00 |a jtorresc | ||
| 260 | |a Santiago |b Universidad Católica Silva Henríquez |c 2006 | ||
| 650 | 0 | |a Comunicación intercultural |9 269907 | |
| 650 | 7 | |a COMUNICACION DE MASAS |2 CL-VaPUC |9 334823 | |
| 650 | 0 | |a Interacción social |9 307764 | |
| 650 | 0 | |a Identidad cultural |9 319131 | |
| 650 | 0 | |a Desarrollo cultural |9 267526 | |
| 583 | |a last modification |c 20081120 00:00:00 |k Rodrigo Vera | ||
| 999 | |c 332056 |d 332054 | ||
| 952 | |0 0 |1 0 |4 0 |6 303_482000000000000_SAL_2006 |7 0 |8 A |9 419418 |a BIBCUR |b BIBCUR |d 2019-11-22 |i 4499514 |o 303.482 SAL 2006 |p 4499514 |r 2025-04-22 |w 2019-11-22 |y BK |k PER | ||